banner koha

Cultivar BRS-Pará: açaizeiro para produção de frutos em terra firme (Registro n. 296875)

MARC details
000 -LÍDER
campo de controle de tamanho fixo 00926nac a22002897a 4500
001 - NÚMERO DE CONTROLE
campo de controle BR0902732
003 - IDENTIFICADOR DO NÚMERO DE CONTROLE
campo de controle BR-BrBNA
005 - DATA E HORÁRIO DA ÚLTIMA TRANSAÇÃO
campo de controle 20240105123747.0
008 - CAMPO DE DADOS FIXOS--INFORMAÇÃO GERAL
campo de controle de tamanho fixo 230509b bl.|||m| |||| 00| 0 por d
040 ## - FONTE DA CATALOGAÇÃO
Instituição da catalogação original BR-BrBNA
Idioma da catalogação por
Instituição que transcreveu o registro Biblioteca Nacional de Agricultura
072 ## - CÓDIGO DE CATEGORIA DE ASSUNTO
Código de Categoria de Assunto F01; E16
090 ## - NÚMERO DE CHAMADA LOCAL
Número de chamada 1190 BR0902732
100 1# - ENTRADA PRINCIPAL--NOME PESSOAL
Nome pessoal Oliveira, M. do S.P. de
100 1# - ENTRADA PRINCIPAL--NOME PESSOAL
Nome pessoal Farias Neto, J.T. de
110 1# - ENTRADA PRINCIPAL--NOME CORPORATIVO
Nome corporativo ou nome da jurisdição EMBRAPA Amazônia Oriental, Belém, PA (Brasil)
245 1# - TÍTULO
Título Cultivar BRS-Pará: açaizeiro para produção de frutos em terra firme
260 3# - PUBLICAÇÃO, DISTRIBUIÇÃO, ETC.
Local de publicação, distribuição, etc. Belém, PA (Brasil):
Data da publicação, distribuição, etc. 2005.
300 ## - DESCRIÇÃO FÍSICA
Extensão 4 p.
490 ## - TÍTULO DA SÉRIE
Título da série Comunicado Técnico - EMBRAPA Amazônia Oriental (Brazil)
Número do volume ou designação sequencial da série no. 144
ISSN - International Standard Serial Number ISSN 1517-2244
650 ## - ASSUNTO--TERMO TÓPICO
Cabeçalho tópico ou nome geográfico AÇAÍ
650 ## - ASSUNTO--TERMO TÓPICO
Cabeçalho tópico ou nome geográfico PRODUÇÃO VEGETAL
650 ## - ASSUNTO--TERMO TÓPICO
Cabeçalho tópico ou nome geográfico CULTIVO SEQUENCIAL
650 ## - ASSUNTO--TERMO TÓPICO
Cabeçalho tópico ou nome geográfico MATURAÇÃO
650 ## - ASSUNTO--TERMO TÓPICO
Cabeçalho tópico ou nome geográfico ADUBAÇÃO
909 ## -
-- 202312
-- Lúcia Elande
-- 55
-- Lúcia Elande
942 ## - ELEMENTOS DE ENTRADA ADICIONADOS (KOHA)
Fonte da classificação ou esquema de arquivamento na estante Classificação AGRIS
Ocultar no OPAC Não
Tipo de material Koha Monografia Seriada
Exemplares
Situação do descarte Fonte da classificação ou esquema de arquivamento na estante Situação física Não pode ser emprestado Coleção Biblioteca de origem Biblioteca atual Localização na estante Total de empréstimos Número de telefone completo Código de barras Data de último acesso Tipo de material Koha Fonte de aquisição
  Classificação AGRIS       Biblioteca Nacional de Agricultura - Binagri Biblioteca Nacional de Agricultura - Binagri Agrobase - Acervo Geral   1190 BR0902732 1190 BR0902732 18/12/2023 Monografia Seriada Portaria Interministerial nº 164/94

BINAGRI

Telefone: (61)3218-2567/2388/3357/2097 - binagri@agro.gov.br

Ministério da Agricultura e Pecuária , Esplanada dos Ministérios, Bloco D, Anexo B, Brasília/DF, CEP: 70.043-900